The Role of solar ultraviolet radiation in marine ecosystems /

Bibliographic Details
Other Authors: Calkins, John, 1926-
Format: Book
Language:English
Published: New York : Published in cooperation with NATO Scientific Affairs Division [by] Plenum Press, [1982]
Series:NATO conference series. Marine sciences ; v. 7.
Subjects:

MARC

Tag First Indicator Second Indicator Subfields
LEADER 00000pam a2200000 a 4500
001 in00000099157
005 20150924155950.0
008 820304s1982 nyua b 10100 eng
010 |a  82003797  
020 |a 0306409097 
035 |a (OCoLC)08282812 
035 |9 AAL0031AM 
039 0 |a 2  |b 3  |c 3  |d 3  |e 3 
040 |a DLC  |c DLC  |d TXA  |d UtOrBLW 
049 |a TXAM  |c [952471] 
050 0 0 |a QH543.6  |b  R64 1982 
082 0 |a 574.5/2636  |2 19 
245 0 4 |a The Role of solar ultraviolet radiation in marine ecosystems /  |c  edited by John Calkins. 
264 1 |a New York :  |b Published in cooperation with NATO Scientific Affairs Division [by] Plenum Press,  |c [1982] 
264 4 |c ©1982 
300 |a xvi, 724 pages :  |b illustrations ;  |c 26 cm. 
336 |a text  |b txt  |2 rdacontent 
337 |a unmediated  |b n  |2 rdamedia 
338 |a volume  |b nc  |2 rdacarrier 
490 1 |a NATO conference series. IV, Marine sciences ;  |v v. 7 
500 |a "Proceedings of a NATO conference on The Role of Solar Ultraviolet Radiation in Marine Ecosystems, held July 28-31, 1980, in Copenhagen, Denmark"- -Verso title page. 
504 |a Includes bibliographies and index. 
650 0 |a Ultraviolet radiation  |x Environmental aspects  |x Congresses. 
650 0 |a Marine ecology  |v Congresses. 
700 1 |a Calkins, John,  |d 1926- 
830 0 |a NATO conference series.  |n IV,  |p Marine sciences ;  |v v. 7. 
999 |a MARS 
999 f f |s 7cb14b27-b2c7-3b3c-977d-c60ff45cb9d4  |i bc29855e-9543-3b9b-8773-00f74f74332a  |t 0 
952 f f |p ric  |a Texas A&M University  |b Rellis Campus  |c Joint Library Facility  |d Remote Storage  |t 0  |e QH543.6 R64 1982  |h Library of Congress classification  |i unmediated -- volume  |m A14806295252 
998 f f |a QH543.6 R64 1982  |t 0  |l Remote Storage